| 000 | 00926nam a2200253 a 4500 | ||
|---|---|---|---|
| 001 | 000026449 | ||
| 003 | DO-SdBNP | ||
| 005 | 20231213104806.0 | ||
| 008 | 110318s2000 dr 000 0 spa d | ||
| 020 | _a9993480703 | ||
| 040 |
_aDO-SdBNP _bspa _cBNPHU _erda |
||
| 082 | 4 |
_222 _bD598b |
|
| 245 | 0 | 0 |
_aDirectorio de bibliotecas, centros de documentación y servicios de información de la República Dominicana / _ceditado por Bienvenida Mirabal. |
| 264 |
_aSanto Domingo : _bABUD, _c2000. |
||
| 300 |
_a223 páginas ; _c23 cm. |
||
| 336 |
_2rdacontent _atexto _btxt |
||
| 337 |
_2rdamedia _asin mediación _bn |
||
| 338 |
_2rdacarrier _avolumen _bnc |
||
| 590 | _aInventariado 2023 / MF | ||
| 700 | 1 |
_aMirabal, Bienvenida, _eeditor _953505 |
|
| 710 | 2 |
_aAsociación Dominicana de Rectores de Universidades (ADRU) _953506 |
|
| 710 | 2 |
_aAsociación de Bibliotecas Universitarias Dominicanas (ABUD) _953507 |
|
| 942 |
_2ddc _cLBS1 |
||
| 999 |
_c25941 _d25941 |
||